000 00735nam a2200253Ia 4500
003 OSt
005 20220928124317.0
006 a|||||r|||| 00| 0
007 ta
008 220927b |||||||| |||| 00| 0 eng d
024 _a46145
037 _cTextual
040 _aSDCL
_cSDCL
_beng
041 _2eng
_aeng
082 _aD651:911, M8
100 _aProakis John G
245 0 _adigital signal processing
_b Principles,algorithms and applications.
250 _a3
260 _aDelhi
_bPearson Education
_c1988
300 _axv,968p+Various Pagination
_ccm.
700 _a Manolakis Dimitris G
942 _hD651:911, M8
_cTEXL
_2CC
999 _c777204
_d777204